000
00200 a2200097 4500
001
42510
100
_a
mccoy G.A
245
_a
Irish battles
260
_a
New York
_b
Longman
_c
090
_c
26423
_d
26423
942
_a
NUST-CAE
_c
M
_c
18251
999
_c
277583
_d
277583